000 00388nam a2200157Ia 4500
005 20250603145842.0
008 250603s9999 xx 000 0 und d
020 _a978-8095-76-3
245 4 _aThe democracy question and elction management in Africa
260 _aIbadan
260 _bDaily Graphics Nig. Ltd.
260 _c2010
300 _a262 p
650 _aIbadan
942 _cBK
999 _c43050
_d43050